000 00500nam a2200193Ia 4500
005 20250326141732.0
008 250326s9999 xx 000 0 und d
037 _aTextbook
040 _aFMSL
_beng
_cFMSL
041 _aeng
_2eng
084 _qFMSL
100 _aGoldhaber Gerald M
_9294552
245 0 _aOrganizational communication
_cGoldhaber Gerald M
250 _a5th
260 _aUSA
_bUSA, WC Brown Publisher
_c1990
300 _a459p
942 _cTB
999 _c1291719
_d1291719